000 01215nam0a22003131 4500
001 RU\NLR\BIBL_A\022696193
005 20251228052446.0
035 _a(NLR Aleph) 022696193
035 _a(RuMoRGB)009319339
035 _a(RuMoELAR)1917-45-00303705
090 _a13512435
_c13512435
100 _a20251225d1932 u y0rusy50 ca
101 1 _arus
_cfre
102 _aRU
105 _aa||||||||||||
181 0 _ai
_baxxe
182 0 _an
200 1 _aРечь и мышление ребенка
_fЖ. Пиаже
_gПредисловие: Эд. Клапаред
203 _aТекст
_bвизуальный
_cнепосредственный
210 _aМосква
_aЛенинград
_cОгиз - Гос. педагог. изд-во
_d1932
_eМ.
_gфабрика книги "Красный пролетарий"
215 _a412 с.
_cил.
_d24х16 см
316 _aЭкз. РНБ (32-4/504): отсутствуют с. 3-54
_5NLR: 32-4/504
700 1 _7ca
_8rus
_aПиаже
_bЖ.
_f1896-1980
_gЖан
_9246644
_3RU\NLR\AUTH\770246700
702 1 _aКлапаред
_bЭ.
_f1873-1940
_gЭдуард
_4730
852 _aNLR
_j32-4/504
852 _aNLR
_jМф К1/6098
942 _cBOOK
980 _aNB